Wszystkie skoki za 240 metrów w sezonie 2023/2024 - Statystyki

Ogólne statystyki
  • Ten quiz został rozwiązany 124 razy
    108 od ostatniego zresetowania
  • Średni wynik to 7 z 9
Statystyki odpowiedzi
Skocznia
(Miescowość)
Ilość
Metrów
Odpowiedź % Poprawnych
Vikersund 244,5 Stefan kraft
97%
Vikersund 240 Stefan kraft
97%
Vikersund 243,5 Peter prevc
91%
Vikersund 247,5 Daniel huber
87%
Vikersund 244 Daniel huber
87%
Vikersund 240,5 Daniel huber
87%
Vikersund 243 Aleksander zniszczoł
76%
Planica 241 Piotr żyła
62%
Obersdorf 240 Daniel huber
10%
Nie znaleziono quizów pasujących do podanych kryteriów
Rozkład punktacji
Procent ludzi z każdym wynikiem
Percentyl według liczby udzielonych odpowiedzi
Twoja historia wyników
Nie rozwiązałeś tego quizu od ostatniego zresetowania